|
|
|
|
| LEADER |
00831nam a2200217 i 4500 |
| 001 |
c000368464 |
| 003 |
CARM |
| 005 |
00000000000000.0 |
| 008 |
851113s1953 enk 00010 eng d |
| 019 |
1 |
|
|a 2682711
|z 4113793
|z 22010925
|z 4238792
|z 22077059
|z 53412172
|z 58081845
|5 LACONCORD2021
|
| 035 |
|
|
|a (OCoLC)5763963
|5 LACONCORD2021
|
| 050 |
0 |
0 |
|a AC1.E8
|
| 082 |
0 |
4 |
|a 824.63
|2 14j
|
| 100 |
1 |
|
|a Johnson, Samuel,
|d 1709-1784.
|
| 245 |
1 |
4 |
|a The rambler /
|c Samuel Johnson ; Introd. by Sidney Roberts.
|
| 260 |
|
|
|a London :
|b Dent,
|c 1953.
|
| 300 |
|
|
|a xv, 304 p.
|
| 490 |
0 |
|
|a Everyman's library ;
|v no. 994
|
| 852 |
8 |
|
|b CARM
|h A1:AM34A0
|i A05051
|p 0432276
|f BK
|
| 999 |
f |
f |
|i bd249c6f-e80f-5e98-957a-2358811c7342
|s 0a036349-1e49-54a7-b9aa-3aecaea0a685
|
| 952 |
f |
f |
|p Can circulate
|a CAVAL
|b CAVAL
|c CAVAL
|d CARM 1 Store
|e A05051
|f A1:AM34A0
|h Other scheme
|i book
|m 0432276
|